000 00337 a2200157 4500
001 192998
020 _a978-85-66642-58-2
040 _cMagnum
100 _aHiratsuka, Lucia
240 1 0 _aChão de peixes
_lpor
245 1 0 _aChão de peixes
300 _a40
362 0 _a2018
697 _aLITERATURA INFANTO-JUVENIL
942 _cBK
999 _c192998
_d192998